LEADER 01127nam--2200385---450- 001 990001187930203316 005 20031008164712.0 010 $a0-471-97279-7 035 $a000118793 035 $aUSA01000118793 035 $a(ALEPH)000118793USA01 035 $a000118793 100 $a20031008d1997----km-y0itay0103----ba 101 0 $aeng 102 $aUS 105 $a||||||||001yy 200 1 $aOligonucleotides as therapeutic agents$eAtti del convegno tenuto a Londra nel 1997 210 $aChichester [etc.]$cJ. Wiley & sons$d1997 215 $aIX, 250 p.$d24 cm 225 2 $aCiba foundation symposium$v209 410 0$12001$aCiba foundation symposium$v209 454 1$12001 461 1$1001-------$12001 606 0 $aMedicinali sintetici 606 0 $aAcidi nucleici 676 $a615.31 801 0$aIT$bsalbc$gISBD 912 $a990001187930203316 951 $a615.31 OLI$b1438 Farm.$c615 959 $aBK 969 $aFAR 979 $aSIAV1$b10$c20031008$lUSA01$h1647 979 $aPATRY$b90$c20040406$lUSA01$h1725 996 $aOligonucleotides as therapeutic agents$9982752 997 $aUNISA LEADER 01077nam--2200361---450- 001 990006103380203316 005 20151201164253.0 035 $a000610338 035 $aUSA01000610338 035 $a(ALEPH)000610338USA01 035 $a000610338 100 $a20151103d1941----km-y0itay50------ba 101 $aita 102 $aIT 105 $a||||||||001yy 200 1 $a<> quattro sciabole$eantologia di narratori ucraini$fa cura di Luigi Salvini 210 $aFirenze$cVallecchi$d1941 215 $a350 p.$d16 cm 225 2 $aBiblioteca Vallecchi$v68 410 0$aBiblioteca Vallecchi$v, 68 606 0 $aLetteratura narrativa ucraina$xAntologie$2BNCF 676 $a891.79 702 1$aSALVINI,$bLuigi 801 0$aIT$bsalbc$gISBD 912 $a990006103380203316 951 $aXV.9.M. 2107$b3531 MAR$cXV.9.M.$d00348437 959 $aBK 969 $aMAR 979 $aCHIARA$b90$c20151201$lUSA01$h1639 979 $aCHIARA$b90$c20151201$lUSA01$h1642 979 $aCHIARA$b90$c20151201$lUSA01$h1642 996 $aQuattro sciabole$91383652 997 $aUNISA